S29 駅名クイズ - Osaka Metro+α ver. - Statistics

General Stats
  • This quiz has been taken 887 times
    735 since last reset
  • The average score is 82 of 140
Answer Stats
Number Answer % Correct
M16 梅田
93%
M13 新大阪
90%
M20 なんば
90%
M23 | T27 天王寺
90%
C16 | M18 | Y13 本町
89%
K19 | M22 動物園前
87%
M30 なかもず
87%
S16 | Y15 なんば
87%
M19 | N15 心斎橋
86%
M11 江坂
84%
M17 淀屋橋
83%
M08 千里中央
82%
C09 夢洲
81%
M15 中津
79%
C18 | T23 谷町四丁目
79%
Y11 西梅田
79%
C10 | P09 コスモスクエア
79%
M06 箕面萱野
78%
T20 東梅田
78%
M14 西中島南方
77%
N18 | T24 谷町六丁目
77%
S18 | T25 谷町九丁目
77%
M21 | Y16 大国町
76%
K11 | T18 天神橋筋六丁目
74%
C11 大阪港
73%
C19 | N20 森ノ宮
72%
M27 あびこ
71%
P18 | Y21 住之江公園
71%
C17 | K15 堺筋本町
71%
I21 | S20 今里
71%
T11 大日
70%
K17 | S17 日本橋
70%
C13 弁天町
68%
K20 天下茶屋
68%
M12 東三国
67%
T36 八尾南
66%
N22 京橋
66%
N11 大正
65%
M10 緑地公園
64%
Y14 四ツ橋
64%
S19 鶴橋
64%
M26 長居
63%
K13 | T21 南森町
62%
C14 九条
62%
S11 野田阪神
62%
N26 鶴見緑地
62%
M09 桃山台
60%
C15 | S13 阿波座
60%
K16 | N16 長堀橋
60%
M29 新金岡
59%
T22 天満橋
59%
T26 四天王寺前夕陽ヶ丘
59%
C23 長田
59%
S24 南巽
59%
T12 守口
58%
Y12 肥後橋
58%
M07 箕面船場阪大前
57%
M24 昭和町
57%
N12 ドーム前千代崎
56%
S23 北巽
55%
T33 喜連瓜破
54%
C12 朝潮橋
54%
N21 大阪ビジネスパーク
54%
M25 西田辺
53%
T28 阿倍野
53%
K14 北浜
53%
N27 門真南
53%
M28 北花田
52%
T15 関目高殿
51%
I14 | T13 太子橋今市
49%
T16 野江内代
49%
Y19 玉出
49%
K12 扇町
48%
Y18 岸里
47%
T19 中崎町
46%
C20 | I20 緑橋
46%
S15 桜川
46%
N19 玉造
46%
T17 都島
45%
K18 恵美須町
45%
T32 平野
44%
Y20 北加賀屋
43%
I18 | N23 蒲生四丁目
41%
N13 | S14 西長堀
40%
T14 千林大宮
39%
C22 高井田
39%
I11 井高野
39%
I17 関目成育
39%
P10 トレードセンター前
39%
P13 ポートタウン東
39%
T29 文の里
38%
P12 ポートタウン西
38%
N17 松屋町
37%
P11 中ふ頭
36%
C21 深江橋
35%
T30 田辺
34%
Y17 花園町
34%
P14 フェリーターミナル
34%
T34 出戸
32%
T35 長原
31%
N24 今福鶴見
31%
I19 鴫野
31%
S12 玉川
30%
N14 西大橋
30%
N25 横堤
30%
I12 瑞光四丁目
29%
I13 だいどう豊里
29%
P16 南港口
29%
P17 平林
29%
T31 駒川中野
28%
S21 新深江
28%
S22 小路
28%
I15 清水
28%
P15 南港東
27%
I16 新森古市
23%
No matching quizzes found
Score Distribution
Percent of People with Each Score
Percentile by Number Answered
Your Score History
You have not taken this quiz since the last reset